000 00974nam a22001937a 4500
999 _c4102
_d4102
020 _a8125916075
022 _a9788125916079
050 _aHG1601
100 _ak.c Shekhar
245 _aBanking Theory and Practice
_ck.c Shekhar
250 _a19th ed
260 _aNew Delhi
_bVikas Publishing House PVT Ltd
_c2005
300 _axviii, 601p
_billus, 24cm
505 _aEvolution of Banking Institutions Part 1 Commercial Banking Theory 5 Part ii Central Banking Theory 27 Part iii Indian Banking 53 Part iv Foreign Banking Systems 413 Part vi Practical Banking 491 Appendix 587 Annexure 1 599 Annexure 2 600 Annexure 3 601
650 _aBanking
700 _ak.c. Shekhar
710 _aLekshmy Shekhar
942 _cBK